000 00688nam a2200253 a 4500
001 14352
003 BD-JhCC
005 20250306113829.0
008 250302b 2015e |||| ||a| 001 0 eng d
020 _a9780141397887
035 _a(BD-JhCC)14352
040 _aBD-JhCC
_dBD-JhCC
041 _aenglish
082 _a870
_bQUI 2015
100 _a Quincey,Thomas De
245 _aOn Murder Considered as One of the Fine Arts /
_bThomas De Quincey.
260 _aNew York:
_bPenguin Books;
_c2015.
300 _a60 p. :
_c16 cm.
490 _aPenguin Classics: 04
500 _aPenguin Classics: 04
650 _a Latin Literature (Classical).
942 _2ddc
_cBK
999 _c14352
_d14352